000 01028nam a2200289Ia 4500
003 OSt
005 20221007125507.0
006 a|||||r|||| 00| 0
007 ta
008 221006b |||||||| |||| 00| 0 eng d
020 _a8186299327 (pbk)
_cRs.375.00
024 _a11773
037 _bAdurlo,
_cTextual
040 _aCDL
_cCDL
_beng
041 _2eng
_aeng
082 _aE5:21, P3-;1
100 _aChattopadhyay P
_9212146
245 0 _aReactions, mechanisms and problems in organic chemistry by P Chattopadhyay
260 _aNew
_bDelhi Asian Books Pvt. Ltd.
_c2003
300 _avp
_ccm.
500 _aBibliographical references 1-4p; Index 5-31p; ^n23/CSL/CARC/2003-2004/1111^d2004-01-29^mPurchase; ; 2003-04/737^b2004-02-09^cAB/470/2003-04^d2004-02-09^eRs.675.00^fAdurlo Books; ; 2004-05-11^bSB^c2004-05-11^dVinay
650 _a Organic
650 _a Reactions
_9717801
650 _aChemistry
942 _hE5:21, P3-;1
_cTEXL
_2CC
999 _c1215387
_d1215387